Verificación de créditos fiscales en un concurso preventivo (Registro nro. 20064)

Detalles MARC
000 -LEADER
fixed length control field 00373 a2200121 4500
001 - CONTROL NUMBER
control field ART_42398
005 - DATE AND TIME OF LATEST TRANSACTION
control field 20260410161755.0
008 - FIXED-LENGTH DATA ELEMENTS--GENERAL INFORMATION
fixed length control field 260409a
100 1# - MAIN ENTRY--PERSONAL NAME
Personal name Mohadeb, Sergio
245 10 - TITLE STATEMENT
Title Verificación de créditos fiscales en un concurso preventivo
700 1# - ADDED ENTRY--PERSONAL NAME
Personal name Lara Correa, Walter
773 0# - HOST ITEM ENTRY
Title Doctrina tributaria
Related parts - Nº 364 (jul. 2010)
Record control number REV4296

No hay ítems disponibles.